000 00498nam a2200181Ia 4500
005 20250326124933.0
008 250326s9999 xx 000 0 und d
037 _aTextbook
040 _aFMSL
_beng
_cFMSL
041 _aeng
_2eng
084 _aX:8F L4;1
_qFMSL
100 _aBuckley J W
245 0 _aAccounting profession
_cBuckley J W; Buckley M H
260 _aCAlifornia
_bCAlifornia, Melville
_c1974
300 _a209p
942 _cTB
_hX:8F L4;1
999 _c1275836
_d1275836